ARRUPE JESUIT UNIVERSITY

CORONAVIRUS -STOP THE SPREAD - CLEAN,DISINFECT,COVER

Guns over Kigali (Record no. 7395)

MARC details
000 -LEADER
fixed length control field 00606nam a2200205Ia 4500
003 - CONTROL NUMBER IDENTIFIER
control field 0100
005 - DATE AND TIME OF LATEST TRANSACTION
control field 20170428105027.0
008 - FIXED-LENGTH DATA ELEMENTS--GENERAL INFORMATION
fixed length control field 130303s9999 xx 000 0 und d
020 ## - INTERNATIONAL STANDARD BOOK NUMBER
International Standard Book Number 9964978162
040 ## - CATALOGING SOURCE
Transcribing agency ARRUPELIB
050 ## - LIBRARY OF CONGRESS CALL NUMBER
Classification number DT450.435.A46 1997
100 ## - MAIN ENTRY--PERSONAL NAME
Personal name Anyidoho, Henry Kwami
9 (RLIN) 8122
245 ## - TITLE STATEMENT
Title Guns over Kigali
245 ## - TITLE STATEMENT
Remainder of title the Rwandese civil war--1994, (a personal account)
260 ## - PUBLICATION, DISTRIBUTION, ETC. (IMPRINT)
Place of publication, distribution, etc Accra
Name of publisher, distributor, etc Woeli Publishing Services
Date of publication, distribution, etc 1997
300 ## - PHYSICAL DESCRIPTION
Extent 131 p.
600 ## - SUBJECT ADDED ENTRY--PERSONAL NAME
Personal name Anyidoho, Henry Kwami
9 (RLIN) 8122
650 ## - SUBJECT ADDED ENTRY--TOPICAL TERM
Topical term or geographic name as entry element Rwanda
9 (RLIN) 8123
General subdivision History
-- Civil war
-- Personal naratives
650 ## - SUBJECT ADDED ENTRY--TOPICAL TERM
Topical term or geographic name as entry element Ghananian
9 (RLIN) 30139
942 00 - ADDED ENTRY ELEMENTS (KOHA)
Koha issues (borrowed), all copies 1
Source of classification or shelving scheme Library of Congress Classification
Koha item type Monograph ( Printed materials)
Holdings
Withdrawn status Lost status Source of classification or shelving scheme Damaged status Not for loan Collection code Home library Current library Shelving location Date acquired Total Checkouts Full call number Barcode Date last seen Date checked out Copy number Price effective from Koha item type
    Library of Congress Classification     Main Collection ARRUPE LIBRARY ARRUPE LIBRARY   04/03/2013 2 DT450.435.A46 1997 46003028793 03/11/2018 22/10/2018 1 04/03/2013 Monograph ( Printed materials)

 

Arrupe Library. PO Box MP320 Mt Pleasant, Harare, Zimbabwe
263 242 745411|librarian@aju.ac.zw